| 000 | 00000nas 2200000za 4500 |
| 001 | 9.846528 |
| 003 | CaOODSP |
| 005 | 20221107153226 |
| 007 | cr ||||||||||| |
| 008 | 171102d19691987oncar p oss f0###b0fre|d |
| 022 | |y0575-8521 |
| 040 | |aCaOODSP|bfre |
| 041 | |aeng|afre |
| 043 | |an-cn--- |
| 086 | 1 |aCS68-211-PDF |
| 245 | 00|aFederal government finance, revenue and expenditure, assets and liabilities |h[ressource électronique] / |cStatistics Canada, Governments Division, Federal Governments Section = Finances de l'administration publique fédérale, recettes et dépenses, actif et passif / Statistique Canada, Division des administrations publiques, Section de l'administration publique fédérale. |
| 246 | 11|aFinances de l'administration publique fédérale, recettes et dépenses, actif et passif |
| 246 | 13|aFinances de l'administration publique fédérale, revenus et dépenses, actif et passif|f1971-1973 |
| 246 | 13|aFinances publiques fédérales, revenus et dépenses, actif et passif|f1974-1978 |
| 246 | 13|aFinances publiques fédérales, recettes et dépenses, actif et passif|f1979-1986/87 |
| 260 | |a[Ottawa] :|bStatistics Canada = Statistique Canada, |c1972-1989. |
| 310 | |aAnnuel |
| 362 | 0 |a1969-1986/87. |
| 500 | |aÉdition numérisée de l’imprimé [par Statistique Canada]. |
| 515 | |aL'année d'activité se termine le 31 mars. |
| 546 | |aTexte en anglais et en français. |
| 550 | |aPubl. 1980-1981 par la Section de la consolidation et de l'administration; 1982-1983, 1985-1986/87 par la Division des institutions publique; 1984 par la Section des recettes et dépenses. |
| 692 | 07|2gccst|aFinances publiques |
| 710 | 1 |aCanada. |bStatistique Canada. |bDivision des administrations publiques. |
| 710 | 2 |aStatistique Canada.|bSection de la consolidation et de l'administration. |
| 710 | 2 |aStatistique Canada.|bDivision des institutions publiques. |
| 710 | 2 |aStatistique Canada.|bSection des recettes et dépenses. |
| 780 | 00|tFinances de l'administration publiques fédérale, revenus et dépenses, dette directe et indirecte |w(CaOODSP)9.846529 |
| 791 | |tFederal government finance, revenue and expenditure, assets and liabilities |eeng|w(CaOODSP)9.846523 |